La vuelta al Paraíso / (Record no. 193961)

MARC details
000 -LEADER
campo de control de longitud fija 03057nam a2200397 i 4500
001 - NÚMERO DE CONTROL
campo de control 193961
003 - IDENTIFICADOR DE NÚMERO DE CONTROL
campo de control SpMaBN
005 - FECHA Y HORA DE LA ÚLTIMA TRANSACCIÓN
campo de control 20250804062657.0
008 - DATOS DE LONGITUD FIJA--INFORMACIÓN GENERAL
campo de control de longitud fija 240115s2021 sp | |||| 000 f spa
015 ## - NÚMERO DE BIBLIOGRAFÍA NACIONAL
Número de bibliografía nacional MON21
017 ## - NÚMERO DE COPYRIGHT O DE DEPÓSITO LEGAL
Número de copyright o de depósito legal M 2739-2021
Agencia que asigna Oficina Depósito Legal Madrid
020 ## - NÚMERO INTERNACIONAL ESTÁNDAR DEL LIBRO
Número Internacional Estándar del Libro 9791220106177
040 ## - FUENTE DE CATALOGACIÓN
Centro catalogador/agencia de origen SpMaBN
Lengua de catalogación spa
Centro/agencia transcriptor SpMaBN
Normas de descripción rda
044 ## - CÓDIGO DEL PAÍS DE LA ENTIDAD EDITORA/PRODUCTORA
Código MARC del país sp
-- it
080 ## - NÚMERO DE LA CLASIFICACIÓN DECIMAL UNIVERSAL
Número de la Clasificación Decimal Universal 821.134.2-31"19"
100 ## - ENTRADA PRINCIPAL--NOMBRE DE PERSONA
Nombre de persona Ruiz de Linares, Ernesto,
Fechas asociadas al nombre 1954-
9 (RLIN) 235445
Término indicativo de función/relación Autor
245 13 - MENCIÓN DEL TÍTULO
Título La vuelta al Paraíso /
Mención de responsabilidad, etc. Ernesto Ruíz de Linares
250 ## - MENCION DE EDICION
Mención de edición Primera edición: marzo del 2021
264 #1 - PRODUCCIÓN, PUBLICACIÓN, DISTRIBUCIÓN, FABRICACIÓN Y COPYRIGHT
Producción, publicación, distribución, fabricación y copyright Madrid :
Nombre del de productor, editor, distribuidor, fabricante Europa Ediciones,
Fecha de producción, publicación, distribución, fabricación o copyright [2021]
264 #3 - PRODUCCIÓN, PUBLICACIÓN, DISTRIBUCIÓN, FABRICACIÓN Y COPYRIGHT
Producción, publicación, distribución, fabricación y copyright Vignate (MI) :
Nombre del de productor, editor, distribuidor, fabricante Rotomail Italia,
Fecha de producción, publicación, distribución, fabricación o copyright 2021
264 #4 - PRODUCCIÓN, PUBLICACIÓN, DISTRIBUCIÓN, FABRICACIÓN Y COPYRIGHT
Fecha de producción, publicación, distribución, fabricación o copyright ©2021
300 ## - DESCRIPCIÓN FÍSICA
Extensión 220 páginas ;
Dimensiones 21 cm
336 ## - TIPO DE CONTENIDO
Término de tipo de contenido Texto
Fuente rdacontent
337 ## - TIPO DE MEDIO
Nombre/término del tipo de medio sin mediación
Fuente rdamedia
338 ## - TIPO DE SOPORTE
Nombre/término del tipo de soporte volumen
Fuente rdacarrier
490 0# - MENCIÓN DE SERIE
Mención de serie Edificar universos
520 ## - RESUMEN, ETC.
Sumario, etc. Las leyes pueden generar igualdad de derechos, pero jamás conseguirán igualar lo que la naturaleza ha configurado diferente. Una espectacular reflexión sobre el uso del pensamiento y del conocimiento. Ese “elixir” que el hombre bebió del árbol de la sabiduría, según la metáfora bíblica, y que le costó la expulsión del paraíso, no es más que un boomerang que le ha generado ansiedad, pena, tristeza… en suma, insatisfacción y desencanto. Es lícito pues, que después de su experiencia trate -iluso- de volver al vientre del paraíso. La novela propone, de una forma velada, el obsesivo fin de la raza humana por el poder y la libertad. Hay en ella ideas brillantes e insospechadas, como el cambio de roles de sus componentes. El autor hace uso de la manipulación genética para conseguir mutaciones a la carta y modelar la condición humana al juego de su fantasía o de la entelequia de la realidad. Con ese inquietante destino que nosotros mismos nos estamos preparando. El libro está lleno de preguntas e interrogantes que se postulan como irresolubles, pero que a lo largo del texto, el autor las va resolviendo con un ingenio y fantasía inimaginables, de forma que el lector, fatigado ya en lecturas fofas, inanes y soporíferas, no caerá en el desánimo, sino que deberá entregar al máximo su pensamiento para entender con ese vocabulario humilde, compacto y conciso, el inteligente mensaje contenido en este libro. Un libro que podría hacer suya aquella máxima de Unamuno: “Mira amigo, cuando lances al mundo tu pensamiento, procura que sea denso, denso…”.
655 #0 - TERMINO DE INDIZACIÓN--GENERO/FORMA
Datos o término principal de género/forma Novelas
9 (RLIN) 234319
852 ## - LOCALIZACIÓN
Ubicación ES-MaACL
Sublocalización o colección R.154.969
Ubicación en estantería Depósito J
Número de control de estantería N-9771
Encuadernación Encuadernación rústica
Anotaciones manuscritas Dedicatoria autógrafa del autor
Donativo/Legado Donación: Ernesto Ruíz de Linares y Santisteban
itemnumber 205480
903 ## - NOMBRE PERSONAL DE DONANTE
9 235445
a Ruiz de Linares, Ernesto,
d 1954-
e Donante
942 ## - ELEMENTOS DE ENTRADA SECUNDARIOS (KOHA)
Tipo de ítem Koha Libro impreso
Suprimir en OPAC No
Holdings
Estatus retirado Estado de pérdida Fuente del sistema de clasificación o colocación Estado de daño No para préstamo Biblioteca de origen Biblioteca actual Ubicación en estantería Fecha de adquisición Fuente de adquisición Número de control de estantería Total de préstamos Signatura topográfica completa Código de barras Visto por última vez Precio de reemplazo Tipo de ítem Koha
    Clasificación decimal universal     Biblioteca del Ateneo de Madrid Biblioteca del Ateneo de Madrid Depósito J 13/05/2025 Donación Ateneísta   N-9771 101230085 13/05/2025 13/05/2025 Libro impreso